Dictionnaire Universel d'Histoire et de Géographie: contenent l'Histoire proprement dite, la Biographie universelle, la Mythologie, la Géographien Ancienne et Moderne.

Αποθηκεύτηκε σε:
Λεπτομέρειες βιβλιογραφικής εγγραφής
Κύριος συγγραφέας: Bouillet, M. N
Μορφή: Βιβλίο
Γλώσσα:Γαλλικά
Έκδοση: París, Francia Librairie Hachette et Cie 1884
Έκδοση:Vigésima octava edición
Θέματα:
Ετικέτες: Προσθήκη ετικέτας
Δεν υπάρχουν, Καταχωρήστε ετικέτα πρώτοι!

MARC

LEADER 00000nam a2200000 a 4500
001 UCJ8124
003 CL-VaPUC
005 20210316001250.0
008 070124e18840000FR |||||||||||||||||fre|d
999 |c 323922  |d 323920 
040 |c Pontificia Universidad Católica de Valparaíso 
082 0 4 |a 903 BOU 1884  |2 21 
100 0 |a Bouillet, M. N  |9 516793 
245 1 0 |a Dictionnaire Universel d'Histoire et de Géographie: contenent l'Histoire proprement dite, la Biographie universelle, la Mythologie, la Géographien Ancienne et Moderne. 
250 |a Vigésima octava edición 
260 0 3 |a París, Francia  |b Librairie Hachette et Cie  |c 1884 
300 |a 2024 páginas 
583 |a last modification  |c 20070124 00:00:00  |k Rodrigo Vera 
650 0 |a Historia universal  |9 266877 
650 7 |a GEOGRAFIA UNIVERSAL  |2 CL-VaPUC  |9 390519 
650 0 |a Mitología   |9 255719 
650 7 |a BIOGRAFIAS  |2 CL-VaPUC  |9 504622 
942 |c BK  |2 ddc 
945 |d 20070124 00:00:00  |a rinostro 
952 |0 0  |1 0  |2 ddc  |4 0  |6 903_000000000000000_BOU_1884  |7 0  |8 X  |9 403780  |a FDOBUD  |b FDOBUD  |d 2019-11-22  |i 1073222  |o 903 BOU 1884  |p 1073222  |r 2019-11-22  |t 1  |w 2019-11-22  |y BK_X  |k BUD 
952 |0 0  |1 0  |2 ddc  |4 0  |6 903_000000000000000_BOU_1884  |7 0  |8 X  |9 403781  |a FDOBUD  |b FDOBUD  |d 2019-11-22  |i 1074865  |o 903 BOU 1884  |p 1074865  |r 2019-11-22  |t 2  |w 2019-11-22  |y BK_X  |k BUD